| 000 | 00558nam a22001577a 4500 | ||
|---|---|---|---|
| 999 |
_c535814 _d535814 |
||
| 020 | _qHard Cover. | ||
| 082 | _a611.018 | ||
| 100 | _aMomina Khadija Abbasi | ||
| 245 |
_aPATTERNS OF INTERFACE DERMATITIS - A COMPARATIVE ANALYSIS OF CLINICAL AND HISTOPATHOLOGICAL FEATURES / _cMomina Khadija Abbasi. |
||
| 260 |
_aIslamabad : _bAMC - NUST, _c2015. |
||
| 300 |
_axvii, 101 p. : ill. ; _c30cm. |
||
| 942 |
_2ddc _cTHE |
||
| 650 |
_aHistopathology M Phil. Thesis _930061 |
||
| 700 |
_aShahid Jamal. _916862 |
||